Les pays où la liberté de la presse est la plus respectée - Statistiques

Statistiques générales
  • Ce quiz a été pris 139 fois
  • Le résultat moyen est 13 sur 20
Statistiques - réponses
Score Pays % Correct
12,33 Suède
96%
8,79 Norvège
95%
8,59 Finlande
93%
14,80 Allemagne
92%
8,89 Danemark
90%
11,76 Suisse
88%
15,26 Canada
87%
8,76 Pays-Bas
85%
15,30 Islande
83%
14,18 Belgique
81%
13,18 Autriche
80%
14,43 Luxembourg
75%
10,01 Nouvelle-Zélande
75%
12,40 Irlande
73%
14,31 Estonie
54%
13,26 Slovaquie
37%
11,10 Costa Rica
17%
15,88 Uruguay
12%
12,45 Jamaïque
8%
15,15 Namibie
6%
Aucun quiz correspondant
Distribution des résultats
% des personnes avec chaque résultat
Percentile par nombre de réponses
Votre historique - résultats
Vous n’avez pas pris ce quiz